000 00507nam a2200181Ia 4500
008 100920s9999 xx 000 0 und d
082 _b104247
_a891.43 न 03
100 _aभाटीया बद्रीसिंह.
245 _aकवच.
260 _bपंकज बुक्स , दिल्ली.
_c2003
300 _a144
_bसाधी
365 _b150
520 _aहिंदी.
630 _aकवच.
650 _aहिंदी.
730 _aकवच.
942 _cBOOK
999 _c744679
_d744676